| 000 | 00577nam a22001697a 4500 | ||
|---|---|---|---|
| 003 | OSt | ||
| 005 | 20140310182517.0 | ||
| 008 | 130221t xxu||||| |||| 00| 0 eng d | ||
| 020 | _a9789718957011 | ||
| 050 |
_aPL 6063 _b.B171 2008 |
||
| 100 |
_aBalagtas, Francisco _99228 |
||
| 245 |
_aFlorante at Laura _cBrigida Mondragon, Antonio Monleon, Ponciano B.P. Pineda. _bni Franscisco "Balagtas" Baltazar / |
||
| 260 |
_aQuezon City : _bAklat ANI Publishing and Educational Trading Cente, _cc2008. |
||
| 300 |
_a185 p. ; _bill. ; _c22 cm. |
||
| 942 |
_2lcc _cSSLC |
||
| 999 |
_c13980 _d13980 |
||